| 000 | 00532nam a22001817a 4500 | ||
|---|---|---|---|
| 003 | CEME | ||
| 005 | 20210628201738.0 | ||
| 008 | 210204b xxu||||| |||| 00| 0 eng d | ||
| 020 | _a0-471-46125-3 | ||
| 040 | _c. | ||
| 082 | _a621.38456 ETE | ||
| 100 |
_aEtemad, Kamran ,Kamran Etemad _956635 |
||
| 245 | _aCdma 2000 evolution ,system concepts and design principles | ||
| 260 |
_aNEW JERSEY _bJOHN WILEY _c2005 |
||
| 300 | _aXXVIII,352P | ||
| 650 |
_aCODE DIVISION MULTIPLE ACCESS.CDMA 2000 EVOLUTION _956636 |
||
| 942 |
_cBK _2ddc |
||
| 999 |
_c567009 _d567009 |
||